| 000 | 01609nam1a2200277 i 4500 | ||
|---|---|---|---|
| 001 | RU\NLR\BIBL_A\010306665 | ||
| 005 | 20260405101314.0 | ||
| 035 | _a(NLR Aleph) 010306665 | ||
| 090 |
_a10620992 _c10620992 |
||
| 100 | _a20130614g20129999k||y0rusy50 ca | ||
| 101 | 0 | _arus | |
| 102 | _aRU | ||
| 105 | _a j 00|yy | ||
| 200 | 1 |
_aЭкологический аудит _eучебное пособие _fГ.С. Камерилова, Е.Н. Петрова, М.А. Картавых _gМ-во образования и науки Рос. Федерации, М-во экологии и природ. ресурсов Нижегород. обл., ФГБОУ ВПО "Нижегород. гос. пед. ун-т им. К. Минина" |
|
| 210 |
_aНижний Новгород _cФГБОУ ВПО Нижегородский государственный педагогический университет _d2012 |
||
| 215 | _d21 | ||
| 606 | 1 |
_aЭкологический аудит _jУчебные издания для высших учебных заведений _92117360 _3RU\NLR\AUTH\661278977 |
|
| 686 | 1 | _aУ28(2)-218я73 | |
| 700 | 1 |
_aКамерилова _bГ. С. _gГалина Савельевна _4070 |
|
| 701 | 1 |
_4070 _8rus _7ca _aПетрова _bЕ. Н. _cканд. экон. наук _gЕлена Николаевна _3RU\NLR\auth\7737268 _920257 |
|
| 701 | 1 |
_aКартавых _bМ. А. _gМарина Анатольевна _4070 |
|
| 852 |
_aNLR _j2013-3/18732 |
||
| 942 | _cBOOK | ||
| 980 | _aNBR | ||